000 00759nam a2200217 u 4500
001 000020576
005 20200930011129.0
008 100810s2016 dr a r 000 0 spa d
020 _a9789945454505
040 _aDO-SdBNP
_bspa
_cBNPHU
082 _axxxx
_bH831C
100 1 _aHostos, Eugenio María,
_d1839-1903
_943301
245 1 0 _aHostos / :
_brevolucionario sin fronteras : /
_cSantiago Castro Ventura ; prólogo Luisa Navarro.
260 _aSanto Domingo :
_bManatí,
_c2016.
300 _a352 p. :
_bil. ;
_c23 cm.
500 _aIncluye datos biográficos del autor en la contracubierta
500 _aIncluye índice onomástico
504 _aBibliografía : p. 331-342
590 _aInventariado, 2020/BT
700 1 _aNavarro, Luisa,
_epról.
_911168
999 _c20080
_d20080